Die 15 größten bayerischen Städte - Statistiken

Allgemein
  • Dieses Quiz wurde 371 mal gespielt
  • Das Durchschnittsergebnis liegt bei 12 aus 15
Antwortstatistiken
Einwohner Stadt % Korrekt
1.484.226 München
100%
518.370 Nürnberg
99%
296.582 Augsburg
96%
153.094 Regensburg
92%
127.934 Würzburg
90%
137.392 Ingolstadt
89%
128.497 Fürth
83%
74.783 Bayreuth
80%
77.373 Bamberg
75%
112.528 Erlangen
74%
63.551 Rosenheim
66%
71.002 Aschaffenburg
64%
73.411 Landshut
59%
69.151 Kempten
53%
58.978 Neu-Ulm
48%
Keine übereinstimmenden Quizze gefunden
Verteilung der Resultate
Anzahl Personen mit jedem Resultat
Perzentil nach korrekt beantworteten Fragen
Ihre Resultats-Entwicklung
Sie haben dieses Quiz noch nicht gespielt